| 000 -LEADER |
| fixed length control field |
00453cam a22001217a 4500 |
| 008 - FIXED-LENGTH DATA ELEMENTS--GENERAL INFORMATION |
| fixed length control field |
180718b-- xxu||||| |||| 00| 0 eng d |
| 082 ## - DEWEY DECIMAL CLASSIFICATION NUMBER |
| Classification number |
T19065x54521 E |
| 245 ## - TITLE STATEMENT |
| Title |
Provisional results on fifth economics census |
| Statement of responsibility, etc. |
by Directorate of Economics and Statistics, Puducherry |
| 260 ## - PUBLICATION, DISTRIBUTION, ETC. |
| Place of publication, distribution, etc. |
Puducherry |
| Name of publisher, distributor, etc. |
The author |
| Date of publication, distribution, etc. |
-- |
| 500 ## - GENERAL NOTE |
| General note |
Library has 2005 |
| 650 ## - SUBJECT ADDED ENTRY--TOPICAL TERM |
| Topical term or geographic name entry element |
Economic census - India - Puducherry |
| 700 ## - ADDED ENTRY--PERSONAL NAME |
| Personal name |
Puducherry. Directorate of Economics and Statistics |